书目信息 |
| 题名: |
儿童积极心理学
|
|
| 作者: | 曹刘霞 著 | |
| 分册: | ||
| 出版信息: | 成都 四川科学技术出版社 2018 |
|
| 页数: | 211页 | |
| 开本: | 24cm | |
| 丛书名: | 儿童心理学系列 | |
| 单 册: | ||
| 中图分类: | B844.1 , G781 | |
| 科图分类: | ||
| 主题词: | 儿童心理学--er tong xin li xue--通俗读物 , 儿童--er tong--心理健康--健康教育--家庭教育 | |
| 电子资源: | ||
| ISBN: | 978-7-5364-9035-2 | |
| 000 | 00833nam 2200277 450 | |
| 001 | 012001002655 | |
| 005 | 20131030094156.0 | |
| 010 | @a978-7-5364-9035-2@dCNY42.00 | |
| 099 | @aCAL 012019021872 | |
| 100 | @a20190306d2018 em y0chiy50 ea | |
| 101 | 0 | @achi |
| 102 | @aCN@b510000 | |
| 105 | @aa z 000yy | |
| 106 | @ar | |
| 200 | 1 | @a儿童积极心理学@Aer tong ji ji xin li xue@f曹刘霞著 |
| 210 | @a成都@c四川科学技术出版社@d2018 | |
| 215 | @a211页@c图@d24cm | |
| 225 | 2 | @a儿童心理学系列@Aer tong xin li xue xi lie |
| 410 | 0 | @12001 @a儿童心理学系列 |
| 606 | 0 | @a儿童心理学@Aer tong xin li xue@j通俗读物 |
| 606 | 0 | @a儿童@Aer tong@x心理健康@x健康教育@x家庭教育 |
| 690 | @aB844.1@v5 | |
| 690 | @aG781@v5 | |
| 701 | 0 | @a曹刘霞@Acao liu xia@4著 |
| 801 | @b江苏凤凰@c20191020 | |
| 905 | @b1229949-54@dB844.1@e3303@f6 | |
| 儿童积极心理学/曹刘霞著.-成都:四川科学技术出版社,2018 |
| 211页:图;24cm.-(儿童心理学系列) |
| ISBN 978-7-5364-9035-2:CNY42.00 |
| ● |
| 相关链接 |
|
|
|
|
正题名:儿童积极心理学
索取号:B844.1/3303
 
预约/预借
| 序号 | 登录号 | 条形码 | 馆藏地/架位号 | 状态 | 备注 |
| 1 | 1229949 | 212299494 | 第一样本阅览室/ [索取号:B844.1/3303] | 在馆 | |
| 2 | 1229950 | 212299500 | 教育系资料室/ [索取号:B844.1/3303] | 在馆 | |
| 3 | 1229951 | 212299519 | 教育系资料室/ [索取号:B844.1/3303] | 在馆 | |
| 4 | 1229952 | 212299528 | 第一借阅区/ [索取号:B844.1/3303] | 在馆 | |
| 5 | 1229953 | 212299537 | 第一借阅区/ [索取号:B844.1/3303] | 在馆 | |
| 6 | 1229954 | 212299546 | 第一借阅区/ [索取号:B844.1/3303] | 在馆 |